Translate French words - Statistics

General Stats
  • This quiz has been taken 101 times
  • The average score is 9 of 15
Answer Stats
Hint Answer % Correct
Noix Nut
87%
Bras Arm
85%
Poivre Pepper
81%
Soudain Suddenly
71%
Tissu Fabric
65%
Fiable Reliable
63%
Surtout Especially
61%
Gant Glove
61%
Haie Hedge
59%
Chemin Path
59%
Chouette Owl
57%
Cerf Deer
51%
Frein Brake
47%
Seau Bucket
47%
Rideau Curtain
44%
No matching quizzes found
Score Distribution
Percent of People with Each Score
Percentile by Number Answered
Your Score History
You have not taken this quiz